|
|
|
|
| LEADER |
00000ny a22000003n 4500 |
| 005 |
2011060702092.0 |
| 008 |
970410s1982 sp s 000 0 spa c |
| 017 |
|
|
|a D.L. M11639-1982
|
| 020 |
|
|
|a 8471302624
|
| 035 |
|
|
|a 485
|
| 040 |
|
|
|a UMA.CEE
|d vLex
|
| 040 |
|
|
|a UMA.RE
|d vLex
|
| 080 |
|
|
|a 347(460)
|
| 090 |
|
|
|c 526
|d 526
|
| 245 |
0 |
0 |
|a Comentarios al Cd̤igo Civil y compilaciones forales
|h [Recurso electrn̤ico]
|c dirigidos por Manuel Albaladejo
|
| 250 |
|
|
|a 2® ed. rev. y aum
|
| 256 |
|
|
|a Servicio en ln̕ea
|
| 260 |
|
|
|a Madrid :
|b Revista de Derecho Privado :
|b Editoriales de Derecho Reunidas,
|c D.L. 1982
|
| 300 |
|
|
|a XIII, 595 p. ;
|c 21 cm
|
| 505 |
0 |
|
|t Tomo XI, Artc̕ulos 806 a 857 del Cd̤igo civil /
|r comentados por Juan Vallet de Goytisolo
|
| 506 |
1 |
|
|a Contenido solo disponible en los productos indicados
|d vLex Global
|d vLex Global (Academic Edition, excluding Law Schools)
|d vLex Global (U.S. Academic Edition, Law Schools)
|d vLex Global (U.S. Academic Edition, excluding Law Schools)
|d vLex Global (Academic Edition, Law Schools)
|
| 650 |
0 |
7 |
|2 Tesauro vLex
|a Civil
|
| 650 |
0 |
7 |
|2 Tesauro vLex
|a Cd̤igo civil
|
| 650 |
0 |
7 |
|2 Tesauro vLex
|a Sucesorio
|
| 650 |
0 |
7 |
|2 Tesauro vLex
|a Legt̕ima
|
| 650 |
0 |
7 |
|2 Tesauro vLex
|a Mejora hereditaria
|
| 650 |
0 |
7 |
|2 Tesauro vLex
|a Desheredacin̤
|
| 700 |
1 |
|
|a Albaladejo Garca̕, Manuel,
|e dir
|
| 700 |
1 |
|
|a Vallet de Goytisolo, Juan B
|
| 740 |
0 |
|
|a vLex Libros (Servicios en ln̕ea)
|
| 856 |
4 |
0 |
|z Acceso restringido
|u http://vlex.com/source/485
|
| 942 |
|
|
|c BOOK
|